| 000 -LEADER |
| fixed length control field |
01808cam a22003377a 4500 |
| 003 - CONTROL NUMBER IDENTIFIER |
| control field |
OSt |
| 005 - DATE AND TIME OF LATEST TRANSACTION |
| control field |
20240710153503.0 |
| 008 - FIXED-LENGTH DATA ELEMENTS--GENERAL INFORMATION |
| fixed length control field |
110304s2008 gw ae c 001 0 ger d |
| 020 ## - INTERNATIONAL STANDARD BOOK NUMBER |
| International Standard Book Number |
9783775721462 |
| 035 ## - SYSTEM CONTROL NUMBER |
| System control number |
(OCoLC)ocn216939096 |
| 042 ## - AUTHENTICATION CODE |
| Authentication code |
lccopycat |
| 043 ## - GEOGRAPHIC AREA CODE |
| Geographic area code |
e-gx--- |
| 050 00 - LIBRARY OF CONGRESS CALL NUMBER |
| Classification number |
NA1068 |
| Item number |
.R33 2008 |
| 082 04 - DEWEY DECIMAL CLASSIFICATION NUMBER |
| Classification number |
720.943 |
| Edition number |
22 |
| 245 00 - TITLE STATEMENT |
| Title |
Ready for Take-Off = |
| Remainder of title |
Aktuelle Deutsche Exportarchitektur : contemporary German export architecture / |
| Statement of responsibility, etc |
[Anna Hesse, Peter Cachola Schmal, editors.]. |
| 246 30 - VARYING FORM OF TITLE |
| Title proper/short title |
Contemporary German export architecture |
| 260 ## - PUBLICATION, DISTRIBUTION, ETC. (IMPRINT) |
| Place of publication, distribution, etc |
Ostfildern : |
| Name of publisher, distributor, etc |
Hatje Cantz, |
| Date of publication, distribution, etc |
2008. |
| 300 ## - PHYSICAL DESCRIPTION |
| Extent |
206 p. : |
| Other physical details |
col. ill., plans ; |
| Dimensions |
31 cm. |
| 500 ## - GENERAL NOTE |
| General note |
"This book is published in conjunction with the exhibition 'Ready for take-off : contemporary German export architecture.' German Contribution 7th International Achitecture Biennial Sao Paulo 2007"--P. [207]. |
| 500 ## - GENERAL NOTE |
| General note |
Includes index. |
| 505 2# - FORMATTED CONTENTS NOTE |
| Formatted contents note |
Projects: Architekturbüro Deutschland -- Barkow Leibinger Architekten -- Behnisch Architekten -- BeL -- Carsten Roth Architeckt -- Gerber Architekten -- GKK + Architekten -- Ingehoven Architekten -- J. Mayer H. -- Kirsten Schemel Architekten -- KSP Engel und Zimmermann -- KSV Kruger Schuberth Vandreike -- Sauerbruch Hutton -- Staab Architekten -- Wandel Hoefer Lorch + Hirsch. |
| 546 ## - LANGUAGE NOTE |
| Language note |
In German and English. |
| 650 #0 - SUBJECT ADDED ENTRY--TOPICAL TERM |
| Topical term or geographic name as entry element |
Architecture, Modern |
| Chronological subdivision |
20th century |
| Form subdivision |
Exhibitions. |
| 650 #0 - SUBJECT ADDED ENTRY--TOPICAL TERM |
| Topical term or geographic name as entry element |
Architecture, Modern |
| Chronological subdivision |
21st century |
| Form subdivision |
Exhibitions. |
| 650 #0 - SUBJECT ADDED ENTRY--TOPICAL TERM |
| Topical term or geographic name as entry element |
Architecture |
| Geographic subdivision |
Germany |
| General subdivision |
History |
| Chronological subdivision |
20th century. |
| 650 #0 - SUBJECT ADDED ENTRY--TOPICAL TERM |
| Topical term or geographic name as entry element |
Architecture |
| Geographic subdivision |
Germany |
| General subdivision |
History |
| Chronological subdivision |
21st century. |
| 700 1# - ADDED ENTRY--PERSONAL NAME |
| Personal name |
Hesse, Anna. |
| 700 1# - ADDED ENTRY--PERSONAL NAME |
| Personal name |
Cachola Schmal, Peter, |
| Dates associated with a name |
1960- |
| 776 08 - ADDITIONAL PHYSICAL FORM ENTRY |
| Display text |
Online version: |
| Title |
Ready for Take-Off. |
| Place, publisher, and date of publication |
Ostfildern, Germany : Hatje Cantz, 2008 |
| Record control number |
(OCoLC)649452492 |
| 942 ## - ADDED ENTRY ELEMENTS (KOHA) |
| Source of classification or shelving scheme |
|